History Quiz

Random History or Biography Quiz

Which Queen Elizabeth? Quiz Stats

 Plays Quiz Updated Sep 24, 2018

Score 0/20 Timer 03:00
3 Plays Today
Question Answer Wrong Answers
Born in the 16th Century Elizabeth I
96.7%
Elizabeth II
0.8%
Never married Elizabeth I
96.1%
Elizabeth II
1.4%
Imprisoned for nearly a year Elizabeth I
96%
Elizabeth II
1.5%
Succeeded by James I Elizabeth I
95.6%
Elizabeth II
1.9%
Born in the 20th Century Elizabeth II
95.5%
Elizabeth I
1.9%
Daughter of Henry VIII Elizabeth I
95.1%
Elizabeth II
2.3%
Saw her Navy defeat the Spanish Armada Elizabeth I
94.9%
Elizabeth II
2.6%
Directly succeeded her sister Elizabeth I
93.7%
Elizabeth II
3.7%
Longest reigning British monarch Elizabeth II
93.7%
Elizabeth I
3.8%
Daughter of George VI Elizabeth II
93.4%
Elizabeth I
4.2%
Found out she was Queen whilst visiting Kenya Elizabeth II
93%
Elizabeth I
4.6%
Synonymous with Pembroke Welsh Corgis Elizabeth II
90.8%
Elizabeth I
6.6%
Served in the Auxiliary Territorial Service Elizabeth II
90.1%
Elizabeth I
7.5%
Claimed to have 'the heart and stomach of a king' Elizabeth I
90%
Elizabeth II
7.3%
Directly succeeded her father Elizabeth II
89.8%
Elizabeth I
7.7%
Has been portrayed in film by Cate Blanchett Elizabeth I
85.6%
Elizabeth II
12%
Has been portrayed in film by Helen Mirren Elizabeth II
84.5%
Elizabeth I
13%
Referred to as 'Lillibet' by her close family Elizabeth II
84.1%
Elizabeth I
13.3%
Known as 'Good Queen Bess' Elizabeth I
84%
Elizabeth II
13.5%
Suffered an 'annus horribilis' Elizabeth II
55.7%
Elizabeth I
41.8%

You're not logged in!

Compare scores with friends on all Sporcle quizzes.
OR
Log In

Sporcle TV

Today on Sporcle TV


Watch our educational content, quiz creation guides, and fun videos on Sporcle TV.

Show Comments

Extras

Top Quizzes Today


Score Distribution

Your Account Isn't Verified!

In order to create a playlist on Sporcle, you need to verify the email address you used during registration. Go to your Sporcle Settings to finish the process.

Report this User

Report this user for behavior that violates our Community Guidelines.

Details: